Statistics for Lord of the Rings Character List

Click here to take the quiz!

General Stats

  • This quiz has been taken 128 times
  • The average score is 16 of 20

Answer Stats

HintAnswer% Correct
A young well-to-do hobbit. He reluctantly takes on the quest to destroy it. Often referred to as the Ringbearer.Frodo Baggins
96%
An earlier Ringbearer. He was living on an island in an underground lake when he lost the Ring.Gollum
94%
A wizard best known among hobbits for his fireworks and mischievous sense of humor, but actually one of the greatest powers of Middle-earth.Gandalf the Grey/White
93%
A powerful spirit of evil who now takes the form of a disembodied flaming eye; represents the worst aspects of power — especially greed, cruelty, and the desire for domination.Sauron
91%
The greatest horse in Middle-earth, this silver-grey stallion chooses to accept only Gandalf as his rider.Shadowfax
91%
King of Rohan, a nation of horsemen and warriors.Theoden
90%
A mighty warrior and healer. He was raised by the elves of Rivendell and now lives in exile as leader of the Dúnedain, the Rangers of the North.Aragorn
89%
Son of Thranduil, king of the Mirkwood elves. He is a great archer with keen eyesight. A member of the Fellowship.Legolas
89%
Sent to Rivendell to decipher a prophetic dream, he joins the Fellowship. He believes that the Ring should be used as a weapon against the Enemy and that trying to destroy it is foolish.Boromir
88%
Very old and very wise, she gives the Fellowship shelter and advice. Her parting gifts to each member of the Fellowship become immensely significant.Galadriel
86%
A nature spirit of the ancient world who helps the Ringbearer in the Old Forest and on the Barrowdowns. The Ring has no effect on him.Tom Bombadil
84%
Son of Éomund. Loyal captain of the horselords and a valiant warrior. He suspects Wormtongue's treachery.Eomer
83%
Once great kings now enslaved to the One Ring.The Nazgul
79%
An ancient evil. She embodies insatiable hunger and greed, but she has no interest in the Ring.Shelob
78%
The only person to have voluntarily given up the Ring.Bilbo Baggins
73%
An elf-lord, sent by Elrond to help the Ringbearer reach Rivendell during the first stage of the quest.Glorfindel
62%
The friendly yet frazzled and absent-minded innkeeper of the Prancing Pony in Bree.Barliman Butterbur
57%
The oldest mortal creature in Middle-earth.Treebeard
51%
A member of the elite Tower Guard of Minas Tirith. He is devoted to Faramir and befriends Pippin when the hobbit joins the guard.Beregond
43%
He is one of the youngest Ents, and so moves and thinks closer to the speed of the shorter-lived hobbits; the other Ents describe him as "hasty."Quickbeam
41%

Score Distribution

Percentile by Number Answered

Percent of People with Each Score

Your Score History

You have not taken this quiz